Možnosti uplatnenia metódy EVA pri ohodnocovaní pohľadávok

Využitie ukazovateľa ekonomickej pridanej hodnoty podniku - ukazovateľ EVA (Economic Value Added) na hodnotenie výkonnosti podniku. Ocenenie podniku dlžníka pomocou ukazovateľa EVA - vhodný prostriedok na zistenie bonity pohľadávky. Stanovenie hodnoty pohľadávok podľa platnej legislatívy v SR. Stano...

Descripción completa

Guardado en:
Detalles Bibliográficos
Autor principal: Harumová, Anna, 1955-
Formato: Capítulo de libro
Lenguaje:eslovaco
Materias:
Etiquetas: Agregar Etiqueta
Sin Etiquetas, Sea el primero en etiquetar este registro!

MARC

LEADER 00000naa$a2200000$$$4500
001 0008900
005 20240502071354.5
041 0 |a slo 
044 |a SK 
245 1 0 |a Možnosti uplatnenia metódy EVA pri ohodnocovaní pohľadávok  |c aut. Anna Harumová 
520 |a Využitie ukazovateľa ekonomickej pridanej hodnoty podniku - ukazovateľ EVA (Economic Value Added) na hodnotenie výkonnosti podniku. Ocenenie podniku dlžníka pomocou ukazovateľa EVA - vhodný prostriedok na zistenie bonity pohľadávky. Stanovenie hodnoty pohľadávok podľa platnej legislatívy v SR. Stanovenie koeficienta vymožiteľnosti pohľadávok. Príklad. 
610 2 0 |a Slovensko 
610 2 0 |a ukazovateľ EVA 
610 2 0 |a pohľadávky 
610 2 0 |a oceňovanie 
610 2 0 |a hodnota 
610 2 0 |a hodnota pridaná ekonomická 
610 2 0 |a posudky znalecké 
610 2 0 |a legislatíva 
100 1 |a Harumová, Anna, 1955-